000 00899nas a2200301 4500
001 BR2015006381
003 BR-BrBNA
005 20231205130538.0
007 ta
008 230509b bl.|||p| |||| 00| 00por d
040 _aBR-BrBNA
_bpor
_cBiblioteca Nacional de Agricultura
041 _a(Pt)
072 _aJ12
100 1 _aCarvalho, D.E.
100 1 _aSantini, E.J.
100 1 _aGouveia, F.N.
100 1 _aRocha, P. da
245 1 _aResist~encia natural de quatro espécies florestais submetidas a ensaio com fungos apodrecedores
650 _aEUCALIPTO
650 _aMADEIRA
650 _aFUNGO
650 _aPODRIDÃO PARDA
650 _aPODRIDÃO BRANCA
650 _aVARIEDADE RESISTENTE
773 0 _tFloresta e Ambiente (Brazil)
_xISSN 1415-0980
_g(Apr-Jun 2015), v. 22(2) p. 271-276
_wBR2015006381
909 _a202311
_bLúcia
_c55
_dLúcia Elande
942 _2AGRIS
_n0
_cANA
999 _c250043
_d250043